000 01739cam a22004574i 4500
003 PE-LiUPU
005 20250731173521.0
008 150616s r 000 0 d
020 _a0927545055
035 _a(Sirsi) i9780927545051
040 _aPE-LiUPU
_bspa
_cPE-LiUPU
_erda
049 _aPRUA
082 0 4 _a235.4
_bS47
_221
100 1 _aSherman, Dean,
_eautor.
245 1 0 _aSpiritual Warfare :
_bFor Every Christian /
_cDean Sherman.
264 1 _aWashington :
_bYwam Publishing,
_c1990.
300 _a216 páginas ;
_c23 centímetros
336 _atext
_2rdacontent
337 _aunmediated
_2rdamedia
338 _avolume
_2rdacarrier
505 0 _aA Life and Death Struggle.- The Greates Adventure.- Knowing Your Enemy.- Three Battlegrounds.- Steps to Spiritual Fitness.- The Invisible Terrain.- Satan's Hierarchy and Battle Plans.- Using Your God-given Authority.- Why Does a Loving God Allow Evil?.- Deliver Us from Evil.- Does Prayer Really Change Things?.- How to Wage Warfare.
526 _aSEG42
526 _aSEG41
526 _aSEG40
526 _aSEG39
526 _aP94
526 _aP87
526 _aP86
526 _aP85
526 _aP77
526 _aP76
526 _aP35
650 0 4 _aLucha espiritual.
910 _ajck
_bjvq
_cjck
942 _2ddc
_cBOOK
949 _a235.4 S47
_wDEWEY
_c1
_i41876
_lCCODEBUL1
_mBUL
_r0
_sY
_tBOOK
_u2015-6-16
_xTEOLOGIA
_zUNKNOWN
_0COMPRA
_o.STAFF. Colección General
994 _aC0
_bPEPRU
596 _a1
999 _a235.4 S47
_wDEWEY
_c59639
_i41876
_f2021-11-10
_g5
_lCCODEBUL1
_mBUL
_r0
_sY
_tBOOK
_u2015-6-16
_xTEOLOGIA
_zUNKNOWN
_0COMPRA
_o.STAFF. Colección General
_d59639
980 _81
_gALBERTO SANCHEZ Responsable de Automatización